000 00393nam a2200169Ia 4500
001 21587
003 IN-NITTTR
005 20251114233245.0
008 251113s9999||||xx |||||||||||||| ||eng||
040 _beng
040 _cIN-NITTTR
041 _aeng
082 _a421.55 J713O
100 _aJones, Daniel
245 3 _aAn outline of english phonetics. /
_cJones, Daniel
942 _2ddc
_cBK
999 _c24217
_d24217